The Malaysia-Indonesia remittance corridor : (Record no. 13694)

000 -LEADER
fixed length control field 00845cam a2200241 a 4500
020 ## - INTERNATIONAL STANDARD BOOK NUMBER
ISBN 9780821375778
020 ## - INTERNATIONAL STANDARD BOOK NUMBER
ISBN 0821375776
020 ## - INTERNATIONAL STANDARD BOOK NUMBER
ISBN 9780821375785 (electronic)
020 ## - INTERNATIONAL STANDARD BOOK NUMBER
ISBN 0821375784 (electronic)
040 ## - CATALOGING SOURCE
Transcribing agency DLC
082 00 - DEWEY DECIMAL CLASSIFICATION NUMBER
Classification number 332 WOR 2008 A010 Or.
245 04 - TITLE STATEMENT
Title The Malaysia-Indonesia remittance corridor :
Remainder of title making formal transfers the best option for women and undocumented migrants /
260 ## - PUBLICATION, DISTRIBUTION, ETC. (IMPRINT)
Place of publication Washington, D.C. :
Name of publisher World Bank,
Year of publication c2008.
300 ## - PHYSICAL DESCRIPTION
Number of Pages xxi, 97 p., [1] folded leaf :
Other physical details ill. maps (some col.) ;
Dimensions 26 cm.
490 0# - SERIES STATEMENT
Series statement World Bank working paper ;
650 #0 - SUBJECT ADDED ENTRY--TOPICAL TERM
Topical Term Migrant remittances
650 #0 - SUBJECT ADDED ENTRY--TOPICAL TERM
Topical Term Migrant remittances
650 #0 - SUBJECT ADDED ENTRY--TOPICAL TERM
Topical Term Foreign workers, Indonesian
700 1# - ADDED ENTRY--PERSONAL NAME
Personal name Hernández-Coss, Raúl,
710 2# - ADDED ENTRY--CORPORATE NAME
Corporate name or jurisdiction name as entry element World Bank.
856 41 - ELECTRONIC LOCATION AND ACCESS
Uniform Resource Identifier http://www.loc.gov/catdir/toc/ecip0817/2008019002.html
942 ## - ADDED ENTRY ELEMENTS (KOHA)
Koha item type សៀវភៅភាសាអង់គ្លេស
952 ## - LOCATION AND ITEM INFORMATION (KOHA)
Withdrawn status [LOCAL, KOHA] 0
Holdings
Permanent Location Date acquired Koha item type Lost status Shelving location Barcode Current Location Full call number
Library Block A2017-08-29សៀវភៅភាសាអង់គ្លេស A010A20592Library Block A332 WOR 2008 A010 Or.
មជ្ឈមណ្ឌលឯការនៃសាកលវិទ្យាល័យភូមិន្ទកសិកម្មចំការដូង

Powered by Koha